[Event "Eger Tavasz op"]
[Site "Eger"]
[Date "2009.05.29"]
[Round "1"]
[White "Andrassy, Laszlo"]
[Black "Bognar, Bence"]
[Result "0-1"]
[WhiteElo "1715"]
[BlackElo "1999"]
[PlyCount "88"]
[EventDate "2009.05.29"]
[EventType "swiss"]
[EventRounds "7"]
[EventCountry "HUN"]
[SourceTitle "EXT 2011"]
[Source "ChessBase"]
[SourceDate "2010.11.26"]
[SourceVersion "1"]
[SourceVersionDate "2010.11.26"]
[SourceQuality "1"]

1. d4 Nf6 2. Nf3 g6 3. Bf4 Bg7 4. e3 0-0 5. Bd3 d6 6. Nbd2 Nbd7 7. c3 c5 8. 0-0 a6 9. a4 b6 10. Re1 Bb7 11. e4 cxd4 12. cxd4 Nh5 13. Be3 e5 14. d5 Nc5 15. Nc4 a5 16. Bxc5 bxc5 17. Qb3 Ba6 18. Nfd2 Qg5 19. Nf3 Qg4 20. h3 Qd7 21. Qc3 Rab8 22. Ncxe5 Qb7 23. Bxa6 Qxa6 24. Qc4 Qxc4 25. Nxc4 Bxb2 26. Rab1 Rb4 27. Nxd6 Nf4 28. g3 Nd3 29. Re3 Ne5 30. Kf1 Rd8 31. Nxe5 Bxe5 32. Rxb4 axb4 33. Nc4 Bd4 34. Re2 b3 35. a5 Rb8 36. Nb6 b2 37. Re1 c4 38. Ke2 Bxb6 39. axb6 Rxb6 40. Rb1 Rb3 41. Kd2 Rf3 42. Rxb2 c3+ 43. Ke2 cxb2 44. Kxf3 b1Q 0-1

[Event "Eger Osz op"]
[Site "Eger"]
[Date "2008.10.23"]
[Round "3"]
[White "Andrassy, Laszlo"]
[Black "Hever, Janos"]
[Result "0-1"]
[WhiteElo "1743"]
[BlackElo "1839"]
[PlyCount "26"]
[EventDate "2008.10.22"]
[EventType "swiss"]
[EventRounds "7"]
[EventCountry "HUN"]
[SourceTitle "EXT 2011"]
[Source "ChessBase"]
[SourceDate "2010.11.26"]
[SourceVersion "1"]
[SourceVersionDate "2010.11.26"]
[SourceQuality "1"]

1. d4 Nf6 2. Nf3 g6 3. Bf4 Bg7 4. c4 d6 5. e3 0-0 6. Bd3 Re8 7. Qc2 Nc6 8. d5 Nb4 9. Qd2 Nxd3+ 10. Qxd3 Nh5 11. Qc2 e5 12. dxe6 Bxe6 13. Nbd2 Bf5 0-1

[Event "Nyiregyhaza op"]
[Site "Nyiregyhaza"]
[Date "2008.07.23"]
[Round "1"]
[White "Andrassy, Laszlo"]
[Black "Solymosi, Istvan"]
[Result "0-1"]
[WhiteElo "1749"]
[BlackElo "2195"]
[PlyCount "60"]
[EventDate "2008.07.23"]
[EventType "swiss"]
[EventRounds "7"]
[EventCountry "HUN"]
[SourceTitle "EXT 2009"]
[Source "ChessBase"]
[SourceDate "2008.11.26"]
[SourceVersion "1"]
[SourceVersionDate "2008.11.26"]
[SourceQuality "1"]

1. d4 Nf6 2. Nf3 g6 3. c4 c5 4. d5 b5 5. e3 d6 6. cxb5 a6 7. Nc3 Bg7 8. bxa6 0-0 9. Bc4 Bxa6 10. Bxa6 Rxa6 11. 0-0 Nbd7 12. Qe2 Qa8 13. e4 Rb6 14. Nd2 Rfb8 15. Nc4 Rb4 16. a3 Rb3 17. Rb1 Ne8 18. Nd2 Bxc3 19. Nxb3 Rxb3 20. Qc2 Qb7 21. Rd1 Bd4 22. Rd3 Rxd3 23. Qxd3 Ne5 24. Qe2 Qb3 25. Be3 Bxe3 26. Qxe3 Qc2 27. Qe1 Nd3 28. Qd1 Qxf2+ 29. Kh1 Qd4 30. Qd2 Nf2+ 0-1

[Event "Eger Tavasz op"]
[Site "Eger"]
[Date "2008.05.02"]
[Round "3"]
[White "Andrassy, Laszlo"]
[Black "Vanyo, Jozsef"]
[Result "0-1"]
[WhiteElo "1793"]
[BlackElo "1925"]
[PlyCount "42"]
[EventDate "2008.05.01"]
[EventType "swiss"]
[EventRounds "7"]
[EventCountry "HUN"]
[SourceTitle "EXT 2011"]
[Source "ChessBase"]
[SourceDate "2010.11.26"]
[SourceVersion "1"]
[SourceVersionDate "2010.11.26"]
[SourceQuality "1"]

1. d4 d5 2. c4 dxc4 3. Nc3 Nf6 4. Bg5 a6 5. a4 e6 6. e4 Be7 7. e5 Nd5 8. Bxe7 Qxe7 9. Qg4 f5 10. Nxd5 exd5 11. Qf3 Be6 12. Bxc4 Qb4+ 13. Qc3 Qxc3+ 14. bxc3 dxc4 15. Nf3 Nc6 16. Rd1 Rd8 17. Ng5 Ke7 18. Nxe6 Kxe6 19. Rb1 Na5 20. 0-0 Nb3 21. f4 Nd2 0-1

[Event "Eger Tavasz op"]
[Site "Eger"]
[Date "2008.05.01"]
[Round "1"]
[White "Andrassy, Laszlo"]
[Black "Kovacs, David"]
[Result "0-1"]
[WhiteElo "1793"]
[BlackElo "2137"]
[PlyCount "26"]
[EventDate "2008.05.01"]
[EventType "swiss"]
[EventRounds "7"]
[EventCountry "HUN"]
[SourceTitle "EXT 2011"]
[Source "ChessBase"]
[SourceDate "2010.11.26"]
[SourceVersion "1"]
[SourceVersionDate "2010.11.26"]
[SourceQuality "1"]

1. d4 d5 2. c4 e6 3. Nc3 Nf6 4. Bg5 c6 5. Nf3 Nbd7 6. e3 Bb4 7. Qc2 Qa5 8. c5 Ne4 9. a3 Nxc3 10. axb4 Qxa1+ 11. Kd2 Ne4+ 12. Ke2 b6 13. g3 Ba6+ 0-1